| 000 | 00434cam a22001097a 4500 | ||
|---|---|---|---|
| 008 | 180718b1944 xxu||||| |||| 00| 0 eng d | ||
| 082 | _aXA7x42 Un3/3 | ||
| 100 | _aCentral Housing Advisory Committee | ||
| 245 |
_aRural housing: third report of the rural housing sub- committee of the central housing advisory committee _cby Central Housing Advisory Committee |
||
| 260 |
_aLondon _bHis Majesty's Stationery Office _c1944 |
||
| 300 | _a67+p. | ||
| 999 |
_c425593 _d425593 |
||